01069 2200205 4500001002100000005001500021035002000036007000300056008004100059020002200100082001000122084001600132100003800148245009300186260004700279300004700326700002900373520043300402600002800835INLIS00000000000233420260407094445 a0010-0426000012ta260407 j 0 ind  a978-623-00-5728-1 a571.3 a571.3 WUL l0 aWulan Mulya Pratiwi ( Pengarang )1 aLuar biasa ! 300 + keajaiban tubuh manusia /cWulan Mulya Pratiwi; editor, Asteria Renny aJakarta :bPT Elex media komputindo,c2024 a96 hlm :biIus,bergambar,berwarna ;c24 cm0 aAsteria Renny ( Editor ) aTahukah kamu bahwa pembuluh darahmu jika digabungkan dapat mengelilingi bumi sebanyk 2 kali ? Atau air liurmu lebih kuar dari morfi ? Ada 300 + keajaiban tubuh manusia baik organ luar yang mudah dilihat maupun organ dalam yang sulit kita lihat dapat ditemukan dalam buku ini. Semua disajikan dalam bentuk infografis dan dilengkapi ilustrasi yang lucu dan menyenangkan sehingga memudahkanmu membaca serta memahami penjelasannya. 4aKeajaiban tubuh manusia